| 000 | 00958nam a2200241Ia 4500 | ||
|---|---|---|---|
| 999 |
_c65213 _d65213 |
||
| 005 | 20240530110813.0 | ||
| 008 | 140319s2009 au a f b 000 0 ara d | ||
| 017 |
_a2008/15781 _bمصر. دار الكتب |
||
| 020 | _a9774274016 | ||
| 040 |
_aGCL / _cGCL |
||
| 082 | 0 | 4 |
_221 _a723.3954 / _bأ ق |
| 100 | 0 | _aاحمد رجب محمد على | |
| 245 | 1 | 0 |
_aقلاع واسوار وبوابات المدن الاثرية الاسلامية فى الهند / _cاحمد رجب محمد على |
| 250 | _aط.1 | ||
| 260 |
_aالقاهرة : _bالدار المصرية اللبنانية، _c2009 . |
||
| 300 |
_a320 ص. : _bايض. ؛ _c24 سم. |
||
| 490 | 0 |
_aسلسلة الاثار فى شرق العالم الاسلامى ؛ _v4 |
|
| 650 | 0 | 7 |
_aالعمارة الاسلامية _2qrmak _zالهند |
| 650 | 0 | 7 |
_aالقلاع والحصون _zالهند |
| 651 | _2qrmak | ||
| 942 |
_2ddc _cBK |
||